|
|
|
|
| LEADER |
01149cam a2200325 a 4500 |
| 008 |
000425s2000 enka b 001 0 eng |
| 010 |
|
|
|a 99025364
|
| 020 |
|
|
|a 0415166691(hardbound:alk.paper)
|
| 020 |
|
|
|a 0415166705(pbk.:alk.paper)
|
| 035 |
|
|
|a (NNC)4521628
|
| 035 |
|
|
|a (OCoLC)41002873
|
| 035 |
|
|
|a (OCoLC)ocm41002873
|
| 043 |
|
|
|a f------
|
| 090 |
|
|
|a N7417.6
|b .D53 2000
|
| 245 |
0 |
0 |
|a Diaspora and visual culture :
|b representing Africans and Jews /
|c edited by Nicholas Mirzoeff
|
| 260 |
|
|
|a London ;
|a New York :
|b Routledge,
|c 2000
|
| 300 |
|
|
|a xiii, 264 p. :
|b ill. ;
|c 24 cm
|
| 504 |
|
|
|a Includes bibliographical references and index
|
| 650 |
|
0 |
|a African diaspora.
|
| 650 |
|
0 |
|a Art, African.
|
| 650 |
|
0 |
|a Art, Modern
|y 19th century.
|
| 650 |
|
0 |
|a Art, Modern
|y 20th century.
|
| 650 |
|
0 |
|a Identity (Psychology) in art.
|
| 650 |
|
0 |
|a Jewish art.
|
| 650 |
|
0 |
|a Jewish diaspora.
|
| 700 |
1 |
|
|a Mirzoeff, Nicholas,
|
| 900 |
|
|
|a AUTH
|
| 942 |
|
|
|c BK
|
| 999 |
|
|
|c 193162
|d 193162
|
| 952 |
|
|
|0 0
|1 0
|4 0
|6 701_030000000000000_MIR_D
|7 0
|9 213199
|a ENG
|b ENG
|c ST1
|d 2015-02-27
|i 16970
|l 1
|o 701.03 MIR/D
|p ENG16970
|r 2019-01-14
|s 2018-11-28
|w 2018-08-21
|y BK
|